German States by Population Density - Statistics

General Stats
  • This quiz has been taken 31 times
  • The average score is 13 of 16
Answers on the Map
Answers color-coded by a green-red scale on the quiz's map according to % correct below.
 
Answer Stats
per km² State % Correct
4136 Berlin
96%
529 North Rhine-Westphalia
96%
1680 Bremen
92%
2467 Hamburg
92%
315 Baden-Württemberg
88%
188 Bavaria
88%
394 Saarland
88%
297 Hesse
83%
219 Saxony
83%
86 Brandenburg
75%
68 Mecklenburg-Vorpommern
75%
208 Rhineland-Palatinate
75%
130 Thuringia
75%
168 Lower Saxony
71%
104 Saxony-Anhalt
71%
187 Schleswig-Holstein
71%
No matching quizzes found
Score Distribution
Percent of People with Each Score
Percentile by Number Answered
Your Score History
You have not taken this quiz